Takto sa začína.../inc./

Bibliographic Details
Main Authors: E.H (Author), Podjavorinská, Ľudmila, 1872-1951 (Author)
Format: Article
Language:Slovak
Subjects:

MARC

LEADER 00000nab a2200000 a 4500
001 vtls000127717
003 SK-MaSNL
005 20260304212238.0
008 111104c1982 xo 0 slo
015 |a SNBRB19rr/mm-uuuuu 
035 |a CL0137822 
040 |a SNKBUCL  |b slo  |c SNKBUCL  |e AACR2 
041 0 |a slo 
044 |a xo  |c SK 
080 |a 82.09:885.4-1(087.5)(048)  |2 1981 
080 |a 885.4-1(087.5)(048)  |2 1981 
100 1 |a E.H.  |4 aut  |9 465477 
245 1 0 |a Takto sa začína.../inc./  |c E.H. 
500 |a V rubrike Knižná polička. 
650 0 7 |a rozprávky autorské  |2 snkbucl  |9 315429 
650 0 7 |a literatúra pre deti a mládež  |2 snkbucl  |9 21893 
655 7 |a články z novín a časopisov  |2 snkbucl  |9 267496 
655 7 |a články z odboru literárna veda a krásna literatúra  |2 snkbucl  |9 770045 
700 1 |a Podjavorinská, Ľudmila,  |d 1872-1951  |4 aut  |9 91301 
773 0 |t Zornička  |g Roč. 35, č. 2 (1982), s. 13 
787 0 8 |i Rec.:  |a Podjavorinská, Ľudmila  |t Zajko bojko  |d Bratislava : Mladé letá 
850 |a Slovenská národná knižnica v Martine  |a MTA001 
852 |a SNK  |b KIS3GCP 
958 |a RK 
958 |a LX 
992 |a RBX 
999 |c 3130516  |d 3132446